Petit Bac - Lettre N - Statistiques

Statistiques générales
  • Ce quiz a été pris 5 192 fois
  • Le résultat moyen est 8 sur 10
Statistiques - réponses
Catégories Réponses en N % Correct
Prénom Nadège / Nassim / Nathan / Nicolas / Noa / Noah / Noam / Noe / Nolan / Nadia / Nadine / Najda / Nana / Nancy / Naomi / Naomy / Naomie / Nellie / Nelly / Nicole / Nicola / Nikita / Nina / Ninon / Nine / Noah / Noelle / Noémie / Nolwenn / Nour / Nouriya / Nathalie / Nathalia / Nabilla / Nabyl / Naima / Nadege / Nadia / Nadette / Nael / Naelle / Naella / Naima / Nancie / Nani / Nanette / Nino / Nael / Nacime / Nacym / Nacim / Nadyr
100%
Pays Namibie / Nauru / Nepal / Nicaragua / Niger / Nigeria / Niue / Norfolk / Norvège / Nouvelle Calédonie / Nouvelle-Zélande
95%
Partie du corps Nerf / Nez / Nombril / Nuque / Neurone / Narine / Nodule / Neurotransmetteur
88%
Marque Nike / Nokia / Narta / Nissan / Nutella / Nactalia / Nostalgie / Netgem / Nortel Networks / Noos Tv / NRJ / Nomad / Nescafé / Nestlé / Nivea / Neutrogena / Nana / Nespresso / Numericable / Nesquik / Nubril / Naf-Naf / National Geographic / Natrel / Naturalia / Nausicaà / Navily / Néoptic / Nero / Nesquick / Nestea / Netgear / Netto / NetworQ / Neuf / New Coke / Newgrounds.com / New Riders Press / Newsday / Nextyear / Nicorette / Nikon / Nik Software / Nivea / Nocibé / Nolife TV / Norauto / Norisko / Novotel / NRJ / NT1 / Numerama / Nvidia / Nasa / Navisar / Nazarro / Namco / Nardi / Nash / NSU / NVidia / Nexus / Nina ricchi / Nocibe / Netflix
86%
Objet Nacelle / Nain de jardin / Nappe / Natte / Navette / Navire / Niche / Nid / Niveau / Nounours / Nasse / Nunchaku / Napperon / Nintendo / Nintendo SWITCH / Nichoir / Narguilé / Natel / Noyau / Notice / Nœud papillon / Niveau à bulle / Nœud / Nettoyant / Nuancier / Nanomètre / Nintendo 64 / Nénuphar / Normographe / Nokia / Nettoyeur / Niveleuse / Numériseur / Nano Sim / Nébuliseur / Nacelle / Nanoscope / Nu pied / Nanorobot / Naphtaline / Nanotube / Nouvelle
82%
Sport Naginata / Natation / Natation synchronisée / Netball / Ninjitsu / Nunchaku
82%
Métier Nacrier / Nageur / Narrateur / Naturaliste / Naturopathe / Navigateur / Négociateur / Néphrologue / Netsurfer / Neurologue / Notaire / Nourrice / Nutritionniste / Nounou / Neurochirurgien / Nonne / Niveleur / Numerologue / Neurobiologiste / Nivologue
80%
Fruit ou légume Noisette / Noix / Noix de coco / Nectarine / Navet / Niébe
76%
Animal Nandou / Napoléon / Nasique / Narval / Nautile / Nestor Kéa / Nilgaut / Nyala / Nyctale / Naja / Neon / Nudibranche
55%
Vêtement négligé / nidange / nippe / niqab / nœud papillon / norfolk / nuisette / Niqab
34%
Aucun quiz correspondant
Distribution des résultats
% des personnes avec chaque résultat
Percentile par nombre de réponses
Votre historique - résultats
Vous n’avez pas pris ce quiz